First-Level Subdivisions of the United Kingdom - Statistics

General Stats
  • This quiz has been taken 4,279 times
  • The average score is 15 of 20
Answers on the Map
Answers color-coded by a green-red scale on the quiz's map according to % correct below.
 
Answer Stats
Answer % Correct
England
97%
Scotland
97%
Wales
97%
Northern Ireland
96%
Gibraltar
93%
Isle of Man
93%
Falkland Islands
87%
Jersey
87%
Guernsey
84%
Bermuda
80%
British Virgin Islands
78%
Saint Helena, Ascension and Tristan da Cunha
66%
Cayman Islands
62%
Turks and Caicos Islands
56%
South Georgia and the South Sandwich Islands
54%
British Indian Ocean Territory
53%
Anguilla
51%
Montserrat
51%
Pitcairn Islands
47%
Akrotiri and Dhekelia
39%
No matching quizzes found
Score Distribution
Percent of People with Each Score
Percentile by Number Answered
Your Score History
You have not taken this quiz